000 00770nam a2200277Ia 4500
005 20250425162043.0
008 250425s9999 xx 000 0 und d
020 _a9684389590
041 _aspa
082 _a515.15
100 _aGOODMAN, A.W.
245 0 _aGEOMETRI ANALITICA Y CALCULO
250 _a1A ED.
260 _aMEXICO
260 _aMéxico
_bUNION TIPOGRAFICA
_c1980
300 _a1030
500 _aEN CIBGZ-FIMCP D-28900 PARA ING. MECANICA.- MHP.
500 _aTítulo Traducido: GEOMETRIA ANALITICA Y CALCULO
650 _aECUACIONES DIFERENCIALES
650 _aFUNCIONES LOGARITMICAS
650 _aGEOMETRIA ANALITICA
650 _aINTEGRACION
700 _aING. CARLOS ORDOÑEZ GARCIA
_etraductor
942 _c01
010 _a44764
999 _c221429
_d221429